Statistics for Magyarország legnépesebb települései

Click here to take the quiz!

General Stats

  • This quiz has been taken 165 times
  • The average score is 16 of 20

Answer Stats

#NépességVáros% Correct
2202 214Debrecen
100%
11 749 734Budapest
99%
3161 122Szeged
97%
5144 188Pécs
97%
6130 094Győr
97%
4155 650Miskolc
92%
8110 638Kecskemét
90%
7117 121Nyíregyháza
88%
1171 521Szolnok
83%
997 382Székesfehérvár
83%
1953 436Eger
82%
1077 984Szombathely
79%
1561 920Sopron
79%
1857 780Zalaegerszeg
79%
1759 357Békéscsaba
76%
1365 633Tatabánya
75%
1659 754Veszprém
74%
1462 454Kaposvár
68%
1266 892Érd
51%
2046 866Nagykanizsa
46%

Score Distribution

Percentile by Number Answered

Percent of People with Each Score

Your Score History

You have not taken this quiz